000
00290nam a22001217a 4500
020
_a
978-81-89928-07-0
082
_a
510
_b
SHA/M
100
_a
R.D.SHARMA
245
_a
MATHEMATICS
_b
CLASS X
260
_a
DELHI
_b
DHANPAT RAI PUBLICATIONS
_c
2013
650
_a
MATHS FOR CLASS X
_z
INDIA
942
_c
BK
999
_c
970
_d
970